| 000 | 00339nam a22001337a 4500 | ||
|---|---|---|---|
| 003 | SGT | ||
| 020 | _a978-93-84765-13-2 | ||
| 082 |
_a610.73677 _bS16G |
||
| 100 | _aGOYAL, M.C. | ||
| 245 | _aSOLVED EXAMINATION SERIES MEDICAL SURGICAL NURSING-1 FOR GNM 2ND YEAR | ||
| 260 |
_aINDIA _bLOTUS PUB _c2016 |
||
| 300 | _a480 | ||
| 942 |
_2ddc _cBK _026 |
||
| 999 |
_c18252 _d18252 |
||